[Event "Ruhrgebiet Verbandsklasse Gruppe 1 1617"]
[Site "Germany"]
[Date "2016.12.18"]
[Round "5.8"]
[White "Klesse, Alfred"]
[Black "Bartelt, Max Peter"]
[Result "1/2-1/2"]
[WhiteElo "1537"]
[BlackElo "1701"]
[PlyCount "120"]
[EventDate "2016.09.04"]
[EventType "team-tourn"]
[EventRounds "9"]
[EventCountry "GER"]
[SourceTitle "EXT 2022"]
[Source "ChessBase"]
[SourceDate "2021.10.06"]
[SourceVersion "1"]
[SourceVersionDate "2021.10.06"]
[SourceQuality "1"]
[WhiteTeam "Oberhausen SV III"]
[BlackTeam "Muelheim Nord IV"]
[WhiteTeamCountry "GER"]
[BlackTeamCountry "GER"]

1. d4 d5 2. Nf3 Nf6 3. Bf4 c5 4. dxc5 Qa5+ 5. c3 Qxc5 6. e3 Nc6 7. Be2 e6 8. 0-0 Nh5 9. Nbd2 Nxf4 10. exf4 Bd6 11. g3 0-0 12. Nb3 Qb6 13. Qc2 Qc7 14. Bd3 g6 15. Nbd4 a6 16. a4 Bd7 17. Qd2 Nxd4 18. Nxd4 Rab8 19. Qe2 Rfe8 20. Rfe1 Bf8 21. Nf3 f6 22. Qd2 b5 23. axb5 Bxb5 24. Bxb5 axb5 25. Nd4 e5 26. fxe5 fxe5 27. Nf3 Qd6 28. Ra5 Bg7 29. Rea1 d4 30. cxd4 exd4 31. Qd3 Qb4 32. R5a2 Qc4 33. Ra3 Re2 34. Rb1 Rxb2 35. Rxb2 Qc1+ 36. Kg2 Qxb2 37. Rb3 Qa2 38. Rxb5 Rxb5 39. Qxb5 Qe6 40. Qd3 Qd5 41. Kg1 Qc5 42. Kg2 Qc3 43. Qb5 h6 44. Qd5+ Kh7 45. h4 Qd3 46. h5 g5 47. Ne5 Qf5 48. f4 gxf4 49. gxf4 Qxf4 50. Nf3 Qg4+ 51. Kf2 Bf6 52. Qf7+ Qg7 53. Qxg7+ Kxg7 54. Ke2 Kf7 55. Kd3 Ke6 56. Nxd4+ Bxd4 57. Kxd4 Kf6 58. Ke4 Kg5 59. Kf3 Kxh5 60. Kg3 Kg5 1/2-1/2

[Event "GER Seniors Derby 13th"]
[Site "Wesel Undeloh"]
[Date "2014.05.09"]
[Round "5"]
[White "Klesse, Alfred"]
[Black "Jacob, Karl Heinz"]
[Result "0-1"]
[WhiteElo "1887"]
[BlackElo "1797"]
[PlyCount "64"]
[EventDate "2014.05.07"]
[EventType "swiss"]
[EventRounds "9"]
[EventCountry "GER"]
[SourceTitle "EXT 2018"]
[Source "ChessBase"]
[SourceDate "2017.10.13"]
[SourceVersion "1"]
[SourceVersionDate "2017.10.13"]
[SourceQuality "1"]

1. d4 e6 2. Nf3 f5 3. Bf4 Nf6 4. c4 Be7 5. Nc3 0-0 6. e3 d6 7. Be2 Qe8 8. h3 Nbd7 9. 0-0 Ne4 10. Qc2 Nxc3 11. Qxc3 Nf6 12. Rac1 b6 13. Qc2 Bb7 14. Qd1 c5 15. b3 Rd8 16. Bh2 Ne4 17. Nd2 Nxd2 18. Qxd2 Qg6 19. f3 Bg5 20. Bd3 cxd4 21. f4 dxe3 22. Qe2 Bh4 23. Bc2 Bf2+ 24. Rxf2 exf2+ 25. Qxf2 Qf6 26. Bg3 Qb2 27. Qe3 Rde8 28. a4 d5 29. cxd5 exd5 30. Qd2 d4 31. Rd1 Rd8 32. Qd3 Bc8 0-1

[Event "GER Seniors Derby 13th"]
[Site "Wesel Undeloh"]
[Date "2014.05.08"]
[Round "4"]
[White "Von Nordheim, Kurt"]
[Black "Klesse, Alfred"]
[Result "1-0"]
[WhiteElo "1623"]
[BlackElo "1887"]
[PlyCount "101"]
[EventDate "2014.05.07"]
[EventType "swiss"]
[EventRounds "9"]
[EventCountry "GER"]
[SourceTitle "EXT 2018"]
[Source "ChessBase"]
[SourceDate "2017.10.13"]
[SourceVersion "1"]
[SourceVersionDate "2017.10.13"]
[SourceQuality "1"]

1. e4 c5 2. Nf3 d6 3. c3 Nf6 4. e5 dxe5 5. Nxe5 a6 6. Bc4 e6 7. 0-0 b5 8. Bb3 c4 9. Bc2 Bb7 10. d4 cxd3 11. Qxd3 Qd5 12. Qxd5 Bxd5 13. Bf4 Be7 14. Nd2 0-0 15. Rad1 Nc6 16. Rfe1 Nxe5 17. Bxe5 Rac8 18. Ne4 Nxe4 19. Bxe4 Bxe4 20. Rxe4 Rfd8 21. Red4 Rxd4 22. Rxd4 Rd8 23. Kf1 Rxd4 24. Bxd4 f6 25. Ke2 e5 26. Be3 Kf7 27. Kd3 Ke6 28. c4 f5 29. f3 g6 30. b3 h5 31. cxb5 axb5 32. a4 bxa4 33. bxa4 Kd5 34. a5 Kc6 35. a6 g5 36. a7 Kb7 37. Kc4 f4 38. Bf2 Bd6 39. Kd5 Bc7 40. Ke4 g4 41. fxg4 hxg4 42. h3 f3 43. hxg4 fxg2 44. Kf3 Bd8 45. Kxg2 Bg5 46. Kf3 Bd8 47. Ke4 Be7 48. Kxe5 Bd8 49. Kf5 Be7 50. Bd4 Bd8 51. Bf6 1-0